[Event "Polofinale MCR junioru 2024"]
[Site "Hotel Fit Fun, Ryžovište 427, 512 46 Harrachov v Krkonoších"]
[Date "2024.11.09"]
[Round "1"]
[Board "23"]
[White "Mach, Petr"]
[Black "Zeman, Vojtech"]
[Result "1-0"]
[WhiteElo "2080"]
[BlackElo "1848"]
[PlyCount "0"]
[EventDate "2024.11.09"]
[EventRounds "9"]
[EventCountry "CZE"]

1. e4 c5 2. d4 cxd4 3. Nf3 Nc6 4. c3 dxc3 5. Nxc3 e6 6. Bc4 Be7 7. O-O d6 8. Qe2
Nf6 9. Rd1 e5 10. Ng5 O-O 11. b4 Nd4 12. Qd3 h6 13. Nf3 Bg4 14. Rd2 Bxf3 15. gxf3
a6 16. a4 Qd7 17. Ne2 b5 18. Ba2 Nxe2+ 19. Rxe2 Nh5 20. axb5 Qh3 21. bxa6 Bg5 22.
Bxg5 hxg5 23. Re3 Nf4 24. Qf1 Qh4 25. b5 g6 26. Qc4 Rac8 27. a7 Rxc4 28. Bxc4 Ra8
29. Bf1 Nh3+ 30. Bxh3 Qxh3 31. b6 Qd7 32. Rb3 Qb7 33. Rc1 Kg7 34. Rc7 Qa6 35. b7
Qxa7 36. bxa8=Q Qxa8 37. Rbb7 Qa2 38. Rd7 Qe6 39. Re7 Qf6 40. Kg2 Qf4 41. Rxf7+ Qxf7
42. Rxf7+ Kxf7 43. Kg3 Ke6 44. Kg4 Kf6 45. h3 Ke6 46. Kxg5 Kf7 47. f4 Kg7 48. f5
gxf5 49. Kxf5  1-0

[Event "Polofinale MCR junioru 2024"]
[Site "Hotel Fit Fun, Ryžovište 427, 512 46 Harrachov v Krkonoších"]
[Date "2024.11.09"]
[Round "1"]
[Board "24"]
[White "Jusko, Jindrich"]
[Black "Hozda, Max"]
[Result "1/2-1/2"]
[WhiteElo "1846"]
[BlackElo "2080"]
[PlyCount "0"]
[EventDate "2024.11.09"]
[EventRounds "9"]
[EventCountry "CZE"]

1. e4 Nf6 2. Nc3 d5 3. exd5 Nxd5 4. Nxd5 Qxd5 5. d4 Nc6 6. c3 e5 7. Qf3 Qxf3 8. Nxf3
exd4 9. Nxd4 Nxd4 10. cxd4 Bb4+ 11. Bd2 Bxd2+ 12. Kxd2 Be6 13. b3 O-O-O 14. Kc3 Rd6
15. Rd1 Rhd8 16. Be2 Rc6+ 17. Kb2 Rcd6 18. Kc3 Bf5 19. Bf3 Re6 20. h4  1/2-1/2

[Event "Polofinale MCR junioru 2024"]
[Site "Hotel Fit Fun, Ryžovište 427, 512 46 Harrachov v Krkonoších"]
[Date "2024.11.09"]
[Round "1"]
[Board "25"]
[White "Lihotský, Lukáš"]
[Black "Vlcek, Vojtech"]
[Result "1/2-1/2"]
[WhiteElo "2076"]
[BlackElo "1845"]
[PlyCount "0"]
[EventDate "2024.11.09"]
[EventRounds "9"]
[EventCountry "CZE"]

1. d4 d5 2. c4 e6 3. Nc3 Nf6 4. cxd5 exd5 5. Bg5 Be7 6. e3 O-O 7. Bd3 c6 8. Nf3 Nbd7
9. O-O Re8 10. Qc2 Nf8 11. h3 Ng6 12. Ne5 Nf8 13. Rab1 Ne4 14. Bf4 Nxc3 15. bxc3
f6 16. Nf3 b5 17. Nd2 Be6 18. Rfe1 Bf7 19. e4 Bg6 20. a4 a6 21. Ra1 Bd6 22. Bxd6
Qxd6 23. Qa2 Bf7 24. axb5 cxb5 25. Qb2 Qc6 26. f3 Nd7 27. Nb3 Rec8 28. Rec1 Kh8 29.
Qa3 Bg6 30. exd5 Qxd5  1/2-1/2

[Event "Polofinale MCR junioru 2024"]
[Site "Hotel Fit Fun, Ryžovište 427, 512 46 Harrachov v Krkonoších"]
[Date "2024.11.09"]
[Round "1"]
[Board "26"]
[White "Mrázek, Adam"]
[Black "Vilímek, Vít"]
[Result "0-1"]
[WhiteElo "1842"]
[BlackElo "2076"]
[PlyCount "0"]
[EventDate "2024.11.09"]
[EventRounds "9"]
[EventCountry "CZE"]

1. c4 Nf6 2. Nc3 g6 3. Nf3 Bg7 4. e4 d6 5. d4 Nc6 6. Be2 O-O 7. O-O Bg4 8. Be3 a6
9. Rc1 e5 10. d5 Bxf3 11. Bxf3 Nd4 12. g3 Re8 13. Bg2 Qd7 14. b4 b5 15. f3 bxc4 16.
Ne2 c6 17. dxc6 Nxc6 18. Rxc4 Rac8 19. Qb3 d5 20. exd5 Nxd5 21. Rd1 Nd4 22. Bxd4
Rxc4 23. Qxc4 exd4 24. Qxa6 Nxb4 25. Qa5 Qe7 26. Nf4 d3 27. Nxd3 Bd4+ 28. Kh1 Nxd3
29. Rxd3 Qe1+ 30. Qxe1 Rxe1+ 31. Bf1 Rxf1+ 32. Kg2 Rg1+ 33. Kh3 Bf6 34. Rd6 Kg7 35.
a4 Ra1 36. Ra6 Ra2 37. Ra8 Bd4 38. a5 Bg1  0-1

[Event "Polofinale MCR junioru 2024"]
[Site "Hotel Fit Fun, Ryžovište 427, 512 46 Harrachov v Krkonoších"]
[Date "2024.11.09"]
[Round "1"]
[Board "27"]
[White "Slabý, Matej"]
[Black "Pokorný, Jirí"]
[Result "0-1"]
[WhiteElo "2071"]
[BlackElo "1813"]
[PlyCount "0"]
[EventDate "2024.11.09"]
[EventRounds "9"]
[EventCountry "CZE"]

1. d4 e6 2. Nf3 d5 3. c4 f5 4. Nc3 Nf6 5. Bf4 c6 6. e3 Bd6 7. Ne5 O-O 8. Be2 Ne4
9. Nxe4 fxe4 10. h4 Bb4+ 11. Kf1 Nd7 12. c5 Ba5 13. Bg4 Nxe5 14. dxe5 h6 15. a3 d4
16. b4 Bc7 17. Qd2 d3 18. Qa2 Qd5 19. Bd1 Qxa2 20. Rxa2 a5 21. Rb2 axb4 22. axb4
Ra1 23. Ke1 b6 24. cxb6 Bxb6 25. Kd2 Ba6 26. Re1 Rxf4 27. exf4 Bd4 28. Rxe4 Bxb2
29. Bb3 Ra3 30. Bxe6+ Kf8 31. Bc4 Bc3+ 32. Kxd3 Bxb4+ 33. Ke2 c5 34. Bxa6 Rxa6 35.
f5 Bc3 36. g4 Ra2+ 37. Kd3 Bd4 38. f3 Rf2 39. f4 Rh2 40. g5 Rxh4 41. g6 Rh3+ 42.
Kc4 Re3 43. Rxd4 cxd4 44. Kxd4 Ra3 45. Kd5 Ra4 46. Kd4  0-1

[Event "Polofinale MCR junioru 2024"]
[Site "Hotel Fit Fun, Ryžovište 427, 512 46 Harrachov v Krkonoších"]
[Date "2024.11.09"]
[Round "1"]
[Board "28"]
[White "Švadlenka, Michal"]
[Black "Síleš, Jan"]
[Result "0-1"]
[WhiteElo "1804"]
[BlackElo "2062"]
[PlyCount "0"]
[EventDate "2024.11.09"]
[EventRounds "9"]
[EventCountry "CZE"]

1. e4 c5 2. Nf3 Nc6 3. d4 cxd4 4. Nxd4 g6 5. Nc3 Bg7 6. Be3 Nf6 7. Bc4 Qa5 8. O-O
O-O 9. Bb3 d6 10. f3 Bd7 11. Qd2 a6 12. a3 Nxd4 13. Bxd4 Bc6 14. Rad1 Nd7 15. Bxg7
Kxg7 16. Nd5 Qxd2 17. Rxd2 Bxd5 18. Bxd5 Rab8 19. Kf2 Rfc8 20. c3 b5 21. Ba2 a5 22.
f4 Nc5 23. Kf3 b4 24. cxb4 axb4 25. Re1 bxa3 26. bxa3 Nb3 27. Rd3 Nc1 28. Rd2 Rc3+
29. Re3 Rxe3+ 30. Kxe3 Ra8 31. Bc4 Rxa3+ 32. Kf2 Rc3 33. Bf1 Nb3 34. Re2 Nc5 35.
g3 e5 36. Re3 Kf6 37. Kf3 Rc2 38. h4 Ne6 39. fxe5+ Kxe5 40. Rd3 Nd4+ 41. Ke3 Rc4
42. Bg2 f5 43. exf5 Nxf5+ 44. Kf3 d5 45. Ra3 h5 46. Bh3 Nd4+ 47. Kf2 Rc2+ 48. Kf1
Nf5 49. Ke1 d4 50. Ra6 d3 51. Bxf5 gxf5 52. Ra8 Ke4 53. Rg8 Kf3 54. Rd8 Kxg3 55.
Rxd3+ Kxh4 56. Kf1 Kg4 57. Rd8 f4 58. Kg1 Re2 59. Rg8+ Kf3 60. Rh8 Rg2+ 61. Kf1 Rg5
62. Rh7 Kg3 63. Kg1 h4 64. Ra7 h3 65. Ra2 f3 66. Rb2 Re5 67. Rg2+ Kf4 68. Rf2 Re1+
69. Kh2 Re2 70. Kg1 Rxf2 71. Kxf2 h2  0-1

[Event "Polofinale MCR junioru 2024"]
[Site "Hotel Fit Fun, Ryžovište 427, 512 46 Harrachov v Krkonoších"]
[Date "2024.11.09"]
[Round "1"]
[Board "29"]
[White "Pecka, Jan"]
[Black "Fousek, Petr"]
[Result "1-0"]
[WhiteElo "2059"]
[BlackElo "1800"]
[PlyCount "0"]
[EventDate "2024.11.09"]
[EventRounds "9"]
[EventCountry "CZE"]

1. c4 Nf6 2. Nc3 g6 3. d4 Bg7 4. e4 d6 5. f3 O-O 6. Be3 Nbd7 7. Qd2 e5 8. d5 a5 9.
g4 Nc5 10. h4 h5 11. g5 Nfd7 12. Nge2 b6 13. Nc1 Ba6 14. b3 f6 15. a3 Bc8 16. Rb1
f5 17. b4 Nb7 18. Be2 Nb8 19. Nb3 Na6 20. Nd1 fxe4 21. fxe4 a4 22. Nc1 Bd7 23. Qc2
Qc8 24. Nc3 Bg4 25. Nxa4 Bf3 26. Bxf3 Rxf3 27. Qe2 Qg4 28. Nc3 Qg3+ 29. Kd2 Raf8
30. Nd3 Qg4 31. Rbg1 Qd7 32. Ne1 R3f7 33. c5 dxc5 34. Qxa6 cxb4 35. axb4 c6 36. Qc4
cxd5 37. exd5 Rc8 38. Qd3 e4 39. Nxe4 Qa4 40. Nc2 Rfc7 41. Rc1 Bb2 42. d6 Bxc1+ 43.
Rxc1 Rxc2+ 44. Rxc2 Qxb4+ 45. Ke2 Rxc2+ 46. Qxc2 Nxd6 47. Nxd6 Qxd6 48. Qc4+ Kh7
49. Qf7+ Kh8 50. Qf6+ Qxf6 51. gxf6  1-0

[Event "Polofinale MCR junioru 2024"]
[Site "Hotel Fit Fun, Ryžovište 427, 512 46 Harrachov v Krkonoších"]
[Date "2024.11.09"]
[Round "1"]
[Board "30"]
[White "Meca, Viktor"]
[Black "Pressler, Tobias"]
[Result "0-1"]
[WhiteElo "1796"]
[BlackElo "2057"]
[PlyCount "0"]
[EventDate "2024.11.09"]
[EventRounds "9"]
[EventCountry "CZE"]

1. e4 c5 2. Nf3 Nc6 3. d4 cxd4 4. Nxd4 g6 5. c4 Bg7 6. Be3 Nf6 7. Nc3 O-O 8. Be2
d6 9. O-O Nxd4 10. Bxd4 Bd7 11. f3 a6 12. Nd5 Nxd5 13. exd5 b5 14. Bxg7 Kxg7 15.
Qd4+ Kg8 16. b4 bxc4 17. Bxc4 Qb8 18. Rab1 Bb5 19. Rfe1 Bxc4 20. Qxc4 Qb6+ 21. Kh1
Rfc8 22. Qb3 Rc7 23. a4 Rac8 24. Qe3 Qb7 25. Red1 Rc3 26. Qe2 Rc2 27. Rd2 Rc1+ 28.
Rd1 R1c2 29. Rd2 R2c4 30. Rdd1 Qd7 31. b5 axb5 32. axb5 Qb7 33. h3 Rc2 34. Qd3 Qb6
35. Qd4 R2c5 36. Qa4 Rb8 37. Qe4 Rb7 38. Qd4 Rxb5 39. Qxb6 R5xb6 40. Rxb6 Rxb6 41.
Re1 Kf8 42. Kg1 Rb5 43. Rd1 Ke8 44. Rd2 Kd7 45. Kf2 e6 46. dxe6+ fxe6 47. Ra2 Rb7
48. Ke3 e5 49. Ra5 Ke6 50. Ra6 Rb2 51. Ra7 Rxg2 52. Rxh7 d5 53. Rh6 Kf5 54. Rh8 d4+
55. Kd3 Kf4 56. Rf8+ Kg3 57. Re8 Kf4 58. Rf8+ Kg5 59. Re8 Kf6 60. Rf8+ Ke7 61. Rh8
Rf2 62. Rh6 Rxf3+ 63. Ke2 Re3+ 64. Kf2 Kf6 65. Rh8 e4 66. Rd8 Rd3 67. Ke2 Kg5 68.
Re8 Re3+ 69. Kd2 Kh4 70. Rh8+ Kg3 71. Rg8 Kf2 72. Rxg6 Rd3+ 73. Kc2 Rc3+ 74. Kb2
Rxh3  0-1

[Event "Polofinale MCR junioru 2024"]
[Site "Hotel Fit Fun, Ryžovište 427, 512 46 Harrachov v Krkonoších"]
[Date "2024.11.09"]
[Round "1"]
[Board "31"]
[White "Cerný, Michal"]
[Black "Gloser, Tomáš"]
[Result "1-0"]
[WhiteElo "2052"]
[BlackElo "1777"]
[PlyCount "0"]
[EventDate "2024.11.09"]
[EventRounds "9"]
[EventCountry "CZE"]

1. e4 c5 2. Nf3 Nc6 3. d4 cxd4 4. Nxd4 g6 5. c4 Bg7 6. Be3 Nf6 7. Nc3 O-O 8. Be2
d6 9. O-O Bd7 10. Re1 a6 11. Rc1 Rc8 12. Qd2 Re8 13. h3 Nxd4 14. Bxd4 Qa5 15. a3
Nxe4 16. Qe3 Bxd4 17. Qxd4 Nxc3 18. Rxc3 Qc5 19. Qd2 Rc7 20. h4 Kg7 21. h5 Be6 22.
Rg3 Rec8 23. hxg6 hxg6 24. b4 Qb6 25. Qb2+ f6 26. Bd3 Bf7 27. Bxg6 Bxg6 28. Qb1 f5
29. Qxf5 d5 30. Re6 Qxe6 31. Qxe6 Rc6 32. Rxg6+ Kf8 33. Qg8#  1-0

[Event "Polofinale MCR junioru 2024"]
[Site "Hotel Fit Fun, Ryžovište 427, 512 46 Harrachov v Krkonoších"]
[Date "2024.11.09"]
[Round "1"]
[Board "32"]
[White "Zezula, Matej"]
[Black "Davídek, Zdenek"]
[Result "0-1"]
[WhiteElo "1767"]
[BlackElo "2048"]
[PlyCount "0"]
[EventDate "2024.11.09"]
[EventRounds "9"]
[EventCountry "CZE"]

1. e4 e5 2. Nf3 Nc6 3. Bb5 a6 4. Ba4 Nf6 5. d3 d6 6. c3 g6 7. O-O Bg7 8. Re1 O-O
9. h3 Re8 10. Bc2 h6 11. d4 exd4 12. Nxd4 Bd7 13. Bf4 Nh5 14. Be3 Nf6 15. Bf4 d5
16. e5 Nh5 17. Nxc6 bxc6 18. Bh2 Qg5 19. e6 Rxe6 20. Rxe6 Bxe6 21. Kh1 Rb8 22. b3
Re8 23. Bd3 d4 24. c4 Bf5 25. Na3 Nf4 26. Bxf4 Qxf4 27. Bxf5 Qxf5 28. Qd2 Qc5 29.
b4 Qe7 30. Rd1 c5 31. Nc2 Qe2 32. bxc5 Qxc4 33. Re1 Rxe1+ 34. Nxe1 Qxc5 35. Qe2 Qe5
36. Qd2 c5 37. Nf3 Qd5 38. Qa5 Qc4 39. Qd2 Kh7 40. Kg1 Qb5 41. Kh2 c4 42. Ne1 Qb1
43. Nf3 c3  0-1

[Event "Polofinale MCR junioru 2024"]
[Site "Hotel Fit Fun, Ryžovište 427, 512 46 Harrachov v Krkonoších"]
[Date "2024.11.09"]
[Round "1"]
[Board "33"]
[White "Svacina, Tobiáš"]
[Black "Bubela, Alexander Georg"]
[Result "1-0"]
[WhiteElo "2030"]
[BlackElo "1738"]
[PlyCount "0"]
[EventDate "2024.11.09"]
[EventRounds "9"]
[EventCountry "CZE"]

1. c4 e6 2. Nc3 d5 3. e3 Nf6 4. Nf3 Be7 5. b3 c5 6. cxd5 exd5 7. d4 Nc6 8. Be2 O-O
9. O-O Bg4 10. dxc5 Bxc5 11. Bb2 Re8 12. Rc1 Bb6 13. Na4 Bc7 14. Nc5 Bxf3 15. Bxf3
Ne5 16. Nxb7 Qb8 17. Bxd5 Neg4 18. g3 Rxe3 19. Bxf6 Nxf6 20. fxe3 Bxg3 21. Rxf6 Bxh2+
22. Kh1 gxf6 23. Qg4+  1-0

[Event "Polofinale MCR junioru 2024"]
[Site "Hotel Fit Fun, Ryžovište 427, 512 46 Harrachov v Krkonoších"]
[Date "2024.11.09"]
[Round "1"]
[Board "34"]
[White "Adámek, Jan"]
[Black "Verner, Matej"]
[Result "0-1"]
[WhiteElo "1735"]
[BlackElo "2021"]
[PlyCount "0"]
[EventDate "2024.11.09"]
[EventRounds "9"]
[EventCountry "CZE"]

1. d4 d5 2. c4 e6 3. Nc3 c5 4. cxd5 exd5 5. Nf3 Nf6 6. g3 Nc6 7. Bg2 Be7 8. O-O O-O
9. dxc5 Bxc5 10. Na4 Be7 11. Be3 Re8 12. Rc1 Bg4 13. h3 Bxf3 14. Bxf3 Qd7 15. Kg2
Ne5 16. Bd4 Nxf3 17. exf3 Rad8 18. Qb3 b6 19. Rfd1 Nh5 20. Nc3 Bf6 21. Rc2 Re6 22.
Bxf6 Nxf6 23. Nxd5 Rd6 24. Nxf6+ gxf6 25. Rdc1 Rd3 26. Rc3 Qf5 27. f4 Qe4+ 28. Kg1
Qe2 29. Rxd3 Rxd3 30. Qc4 Kg7 31. b3 b5 32. Qc5 Qxa2 33. Qf5 Qe2 34. b4 Rxg3+ 35.
fxg3 Qe3+ 36. Kg2 Qd2+ 37. Kf3 Qxc1 38. Qxb5 Qh1+ 39. Kg4 Qd1+ 40. Kh4 Kg6 41. Qc5
Qf3 42. f5+ Qxf5 43. g4 Qe5 44. Qc2+ Kh6 45. Qf2 Kg6 46. Qc2+ f5 47. Qf2 f4 48. Qc2+
Kh6 49. Qc5 Qe1+  0-1

[Event "Polofinale MCR junioru 2024"]
[Site "Hotel Fit Fun, Ryžovište 427, 512 46 Harrachov v Krkonoších"]
[Date "2024.11.09"]
[Round "1"]
[Board "36"]
[White "Martínek, Ondrej"]
[Black "Osina, Jaromír"]
[Result "1/2-1/2"]
[WhiteElo "1711"]
[BlackElo "2004"]
[PlyCount "0"]
[EventDate "2024.11.09"]
[EventRounds "9"]
[EventCountry "CZE"]

1. e4 e6 2. d4 d5 3. Nc3 Bb4 4. e5 c5 5. a3 Bxc3+ 6. bxc3 Qa5 7. Bd2 Qa4 8. Nf3 b6
9. Bd3 Ba6 10. O-O Ne7 11. Bxa6 Qxa6 12. Ng5 Nbc6 13. Qh5 Ng6 14. f4 Nce7 15. g4
Qc8 16. f5 exf5 17. gxf5 Nxf5 18. Nxf7 Kxf7 19. Rxf5+ Ke8 20. e6 cxd4 21. Rxd5 dxc3
22. Bg5 Qxe6 23. Rad1 Rf8 24. Rd6 Qe4 25. Rd7 Rf5 26. Rxg7 Qe5 27. Rxg6 hxg6 28.
Qxg6+ Rf7 29. Qc6+ Kf8 30. Qxa8+ Kg7 31. Qd5 Qe2 32. Qd4+ Kg8 33. Qd8+ Kg7 34. Qd4+
Kg8 35. Bf6 Rxf6 36. Qd8+ Rf8 37. Qg5+ Kh8 38. Qh6+ Kg8 39. Qg6+ Kh8 40. Qh6+  1/2-1/2

[Event "Polofinale MCR junioru 2024"]
[Site "Hotel Fit Fun, Ryžovište 427, 512 46 Harrachov v Krkonoších"]
[Date "2024.11.09"]
[Round "1"]
[Board "37"]
[White "Vyšínský, Otakar"]
[Black "Lána, Vincent"]
[Result "1-0"]
[WhiteElo "1994"]
[BlackElo "1696"]
[PlyCount "65"]
[EventDate "2024.11.09"]
[EventRounds "9"]
[EventCountry "CZE"]

1. c4 e6 2. Nc3 Nf6 3. e4 Nc6 4. d4 Bb4 5. e5 Ne4 6. Qd3 Nxc3 7. bxc3 Be7 8. Qg3
g6 9. Nf3 d6 10. Be2 dxe5 11. Nxe5 Nxe5 12. Qxe5 Bf6 13. Qf4 O-O 14. O-O Qe7 15.
Bf3 e5 16. Qe3 exd4 17. cxd4 Qxe3 18. fxe3 Bg7 19. Rb1 Rb8 20. Bb2 b6 21. e4 Bb7
22. e5 Bxf3 23. Rxf3 Rfe8 24. Rbf1 Re7 25. Re1 b5 26. Rb3 c6 27. cxb5 Rxb5 28. Rc1
Reb7 29. Rxc6 Rxb3 30. axb3 Rxb3 31. Rc8+ Bf8 32. Bc1 Rd3 33. Bh6  1-0

[Event "Polofinale MCR junioru 2024"]
[Site "Hotel Fit Fun, Ryžovište 427, 512 46 Harrachov v Krkonoších"]
[Date "2024.11.09"]
[Round "1"]
[Board "38"]
[White "Vokoun, Michal"]
[Black "Šprinar, Michal"]
[Result "0-1"]
[WhiteElo "1688"]
[BlackElo "1980"]
[PlyCount "67"]
[EventDate "2024.11.09"]
[EventRounds "9"]
[EventCountry "CZE"]

1. e4 e6 2. d4 d5 3. Nd2 Nf6 4. e5 Nfd7 5. Bd3 c5 6. c3 Nc6 7. Ne2 cxd4 8. cxd4
f6 9. Nf4 Nxd4 10. Qh5+ Ke7 11. exf6+ Nxf6 12. Ng6+ hxg6 13. Qxh8 Kf7 14. O-O Bd7
15. Nb3 Nxb3 16. axb3 Rc8 17. Bg5 e5 18. Rfc1 e4 19. Rxc8 Qxc8 20. Rc1 Qb8 21. Bb1
Qe5 22. Qh4 Ng4 23. Bd8 Qxb2 24. Bg5 e3 25. Bxe3 Nxe3 26. Qf4+ Nf5 27. g4 Bd6 28.
Qg5 Be7 29. Qf4 g5 30. Qc7 Nd4 31. Rd1 Bxg4 32. Bg6+ Kxg6 33. Rxd4 Qxd4 34. Qxe7
 0-1

[Event "Polofinale MCR junioru 2024"]
[Site "Hotel Fit Fun, Ryžovište 427, 512 46 Harrachov v Krkonoších"]
[Date "2024.11.09"]
[Round "1"]
[Board "39"]
[White "Mrázek, Roman"]
[Black "Hajícek, Matyáš"]
[Result "1-0"]
[WhiteElo "1961"]
[BlackElo "1673"]
[PlyCount "72"]
[EventDate "2024.11.09"]
[EventRounds "9"]
[EventCountry "CZE"]

1. e4 c5 2. Nf3 Nc6 3. d3 e6 4. g3 d5 5. Nbd2 Nf6 6. Bg2 Be7 7. O-O a6 8. Re1 O-O
9. e5 Nd7 10. Nf1 b5 11. h4 Qb6 12. Bf4 Bb7 13. N1h2 Rfe8 14. Ng5 h6 15. Ngf3 c4
16. d4 b4 17. h5 Bf8 18. c3 a5 19. Qd2 a4 20. a3 bxc3 21. bxc3 Na5 22. Qe3 Nb3 23.
Ra2 Nb8 24. g4 Nc6 25. g5 Ne7 26. Bh3 Nf5 27. Bxf5 exf5 28. Kh1 hxg5 29. Nxg5 f6
30. Ngf3 Bc8 31. Rg1 Qe6 32. Nh4 Rb8 33. Ng6 Kh7 34. Qh3 Na5 35. h6 Kg8 36. h7+ Kf7
 1-0

[Event "Polofinale MCR junioru 2024"]
[Site "Hotel Fit Fun, Ryžovište 427, 512 46 Harrachov v Krkonoších"]
[Date "2024.11.09"]
[Round "1"]
[Board "40"]
[White "Stejskal, Jakub"]
[Black "Veny, Jaume"]
[Result "0-1"]
[WhiteElo "1672"]
[BlackElo "1961"]
[PlyCount "100"]
[EventDate "2024.11.09"]
[EventRounds "9"]
[EventCountry "CZE"]

1. c4 g6 2. Nc3 Bg7 3. Qc2 c5 4. b3 Nf6 5. Bb2 Nc6 6. Nf3 O-O 7. e3 e6 8. Be2 b6
9. O-O-O Bb7 10. Rhg1 d5 11. d4 cxd4 12. Nxd4 Nxd4 13. exd4 Rc8 14. Kb1 Qe7 15. Nb5
Rfd8 16. Ba3 Qd7 17. Nd6 Rb8 18. Nxb7 Qxb7 19. Bf3 Rbc8 20. Rge1 Rd7 21. Bb2 Qc7
22. Be2 Qxh2 23. Bf3 Qc7 24. Be2 Ne4 25. Bd3 Nd6 26. c5 bxc5 27. Ba6 Rb8 28. Qxc5
Qb6 29. Qxb6 Rxb6 30. Bd3 Rc7 31. f4 h5 32. g3 Nb5 33. Bxb5 Rxb5 34. Rg1 Bf8 35.
g4 hxg4 36. Rxg4 Bd6 37. Rf1 Kf8 38. Rh1 Kg7 39. Rf1 Kf6 40. Rg3 Rb8 41. Rh3 Rcc8
42. Bc1 Rh8 43. Rff3 Rxh3 44. Rxh3 Rc8 45. Kb2 Kf5 46. Rh7 Rc7 47. Rh4 Bb4 48. Rh3
Ke4 49. Re3+ Kxd4 50. a3 Bxa3+  0-1

[Event "Polofinale MCR junioru 2024"]
[Site "Hotel Fit Fun, Ryžovište 427, 512 46 Harrachov v Krkonoších"]
[Date "2024.11.09"]
[Round "1"]
[Board "41"]
[White "Andrle, Filip"]
[Black "Pešek, Martin Jakub"]
[Result "1-0"]
[WhiteElo "1958"]
[BlackElo "1627"]
[PlyCount "53"]
[EventDate "2024.11.09"]
[EventRounds "9"]
[EventCountry "CZE"]

1. e4 d5 2. exd5 Qxd5 3. Nc3 Qa5 4. d4 c6 5. Nf3 Bf5 6. Bc4 Nf6 7. O-O Nbd7 8. Re1
e6 9. Bb3 Bd6 10. Ne2 Ne4 11. c4 Ndf6 12. Ng3 Nxg3 13. hxg3 Bg4 14. c5 Bxf3 15. gxf3
Bc7 16. Bd2 Qa6 17. Qc2 Rd8 18. Bc4 b5 19. Bf1 O-O 20. a4 Qb7 21. axb5 cxb5 22. c6
Qb8 23. Bb4 Rxd4 24. Bxf8 Kxf8 25. Qc5+ Rd6 26. Rxa7 Qb6 27. Qxb6  1-0

[Event "Polofinale MCR junioru 2024"]
[Site "Hotel Fit Fun, Ryžovište 427, 512 46 Harrachov v Krkonoších"]
[Date "2024.11.10"]
[Round "2"]
[Board "1"]
[White "Pressler, Tobias"]
[Black "Bokhnak, Timofey"]
[Result "1/2-1/2"]
[WhiteElo "2057"]
[BlackElo "2274"]
[PlyCount "0"]
[EventDate "2024.11.09"]
[EventRounds "9"]
[EventCountry "CZE"]

1. d4 Nf6 2. c4 e6 3. Nc3 d5 4. cxd5 exd5 5. Bg5 Be7 6. e3 c6 7. Bd3 Bg4 8. Nge2
Nbd7 9. Qc2 O-O 10. O-O-O Bh5 11. Kb1 Rc8 12. Bf5 Bg6 13. Nf4 Bxf5 14. Qxf5 Ne8 15.
Bxe7 Qxe7 16. Rhe1 Nd6 17. Qh3 b5 18. Nd3 Rfe8 19. f3 Nf6 20. Nc5 b4 21. N3a4 Rcd8
22. e4 dxe4 23. fxe4 Nb5 24. Nb3 Qc7 25. Nac5 a5 26. e5 Nd5 27. Ne4 a4 28. Nbc5 a3
29. e6 f6 30. e7 Ra8 31. Nd7 axb2 32. Nf8 Nbc3+ 33. Nxc3 Nxc3+ 34. Kc2 Rxf8 35. exf8=Q+
Rxf8 36. Kxb2 Nxd1+ 37. Rxd1 Qd6 38. Qb3+ Kh8 39. g3 h6 40. Qc4 Re8 41. Rd2 Rd8 42.
Kc2 Rb8 43. Re2 Qd7 44. Re6 Rc8 45. Kb3 Qa7 46. d5 Qa3+ 47. Kc2 Qa4+ 48. Kb2 c5 49.
Qa6 Qd7 50. Rc6 Rc7 51. Rxc7 Qxc7 52. Qe6 c4 53. Qe8+ Kh7 54. Qe4+ Kg8 55. Qe8+ Kh7
56. Qe4+ Kg8 57. Qe8+ Kh7  1/2-1/2

[Event "Polofinale MCR junioru 2024"]
[Site "Hotel Fit Fun, Ryžovište 427, 512 46 Harrachov v Krkonoších"]
[Date "2024.11.10"]
[Round "2"]
[Board "2"]
[White "Vojta, Jakub"]
[Black "Pecka, Jan"]
[Result "1-0"]
[WhiteElo "2264"]
[BlackElo "2059"]
[PlyCount "0"]
[EventDate "2024.11.09"]
[EventRounds "9"]
[EventCountry "CZE"]

1. Nf3 Nf6 2. c4 c5 3. g3 g6 4. Bg2 Bg7 5. O-O O-O 6. Nc3 Nc6 7. d4 cxd4 8. Nxd4
Nxd4 9. Qxd4 d6 10. Qd2 Qc7 11. b3 Bd7 12. Bb2 Bc6 13. Rac1 Bxg2 14. Kxg2 Qc6+ 15.
f3 Rfc8 16. e4 Qe8 17. Rce1 Nd7 18. Nd5 Bxb2 19. Qxb2 Rab8 20. Qa3 a6 21. e5 Nxe5
22. f4 Nc6 23. Nf6+ exf6 24. Rxe8+ Rxe8 25. Qxd6 f5 26. Qd2 Rbd8 27. Qc3 Re4 28.
Re1 Rdd4 29. Kf2 a5 30. a3 a4 31. bxa4 Rxc4 32. Qb3 Rxa4 33. Rxe4 Rxe4 34. Qxb7 Re6
35. a4 h5 36. a5 Nxa5 37. Qa8+ Kg7 38. Qxa5 Re4 39. Kg2 Re2+ 40. Kh3 Re6 41. Kh4
Kh7 42. Qc7 Kg8 43. Kg5 Kg7 44. Qd7 Re4 45. Qa7 Re6 46. h3 Rc6 47. Kh4 Re6 48. Qd4+
Kh7 49. Kg5 Ra6 50. Qe5 Rb6 51. Qc7 Ra6 52. Qe5 Rc6 53. Qe8 f6+ 54. Kh4 Rc7 55. Qf8
 1-0

[Event "Polofinale MCR junioru 2024"]
[Site "Hotel Fit Fun, Ryžovište 427, 512 46 Harrachov v Krkonoších"]
[Date "2024.11.10"]
[Round "2"]
[Board "3"]
[White "Davídek, Zdenek"]
[Black "Paseka, Matyáš"]
[Result "0-1"]
[WhiteElo "2048"]
[BlackElo "2254"]
[PlyCount "0"]
[EventDate "2024.11.09"]
[EventRounds "9"]
[EventCountry "CZE"]

1. Nf3 Nf6 2. c4 g6 3. g3 Bg7 4. Bg2 O-O 5. O-O d6 6. Nc3 a6 7. Rb1 e5 8. d3 Re8
9. b4 c6 10. a4 d5 11. Qc2 d4 12. Ne4 Nxe4 13. dxe4 a5 14. c5 axb4 15. Rxb4 Ra5 16.
Bd2 Na6 17. Rc4 Be6 18. Bxa5 Qxa5 19. Ng5 Bxc4 20. Qxc4 Re7 21. Rc1 Bf8 22. Nf3 Re8
23. Rb1 Nxc5 24. h4 Nxe4 25. Rxb7 Nd6 26. Qxc6 Rc8 27. Qd7 Rc1+ 28. Kh2 Nxb7 29.
Qxb7 Rc7 30. Qb8 Re7 31. Ng5 Qxa4 32. Bd5 Qa7 33. Qb3 Kg7 34. h5 d3 35. e3 d2 36.
Nf3 Rd7 37. h6+ Kxh6 38. Nxe5 Qa1 39. Nxd7 d1=Q 40. Qc4 Qh5+  0-1

[Event "Polofinale MCR junioru 2024"]
[Site "Hotel Fit Fun, Ryžovište 427, 512 46 Harrachov v Krkonoších"]
[Date "2024.11.10"]
[Round "2"]
[Board "4"]
[White "Verner, Matej"]
[Black "Winter, Ondrej"]
[Result "0-1"]
[WhiteElo "2021"]
[BlackElo "2230"]
[PlyCount "0"]
[EventDate "2024.11.09"]
[EventRounds "9"]
[EventCountry "CZE"]

1. e4 c5 2. d4 cxd4 3. c3 dxc3 4. Nxc3 Nc6 5. Nf3 e6 6. Bc4 Be7 7. O-O d6 8. Qe2
Nf6 9. Rd1 e5 10. Be3 O-O 11. Rac1 Be6 12. b4 Ng4 13. Bxe6 fxe6 14. b5 Nxe3 15. fxe3
Na5 16. Nxe5 Qe8 17. Nf3 Rc8 18. e5 d5 19. e4 Ba3 20. Rc2 Bc5+ 21. Kh1 Bb4 22. Qd3
Rxc3 23. Rxc3 dxe4 24. Qxe4 Bxc3 25. Qc2 Bb4 26. Qa4 Qe7 27. a3 Bc3 28. b6 axb6 29.
Rd7 Qe8 30. Qd1 Nc6  0-1

[Event "Polofinale MCR junioru 2024"]
[Site "Hotel Fit Fun, Ryžovište 427, 512 46 Harrachov v Krkonoších"]
[Date "2024.11.10"]
[Round "2"]
[Board "5"]
[White "Jirásko, Miroslav"]
[Black "Cerný, Michal"]
[Result "1-0"]
[WhiteElo "2215"]
[BlackElo "2052"]
[PlyCount "0"]
[EventDate "2024.11.09"]
[EventRounds "9"]
[EventCountry "CZE"]

1. c4 c5 2. Nf3 Nc6 3. Nc3 g6 4. e3 Nf6 5. d4 cxd4 6. exd4 d6 7. Be2 Bg7 8. O-O O-O
9. h3 a6 10. Be3 d5 11. Ne5 e6 12. Rc1 Ne7 13. c5 Nd7 14. Nf3 f5 15. Bf4 h6 16. h4
Kh7 17. Na4 Rf7 18. Re1 Nc6 19. Bf1 Qf6 20. Bg5 hxg5 21. Rxe6 Qd8 22. Nxg5+ Kg8 23.
Rxg6 Ne7 24. Nxf7 Kxf7 25. Rd6 Qh8 26. Nb6 Nxb6 27. cxb6 Qxh4 28. Rc7 Bxd4 29. Qe1
f4 30. Bc4 Bf6 31. Bxd5+ Kg7 32. Rd8 Be6 33. Rxa8 Bxd5 34. Rxe7+ Bxe7 35. Qe5+ Qf6
36. Qxd5 Qxb6 37. Rg8+ Kf6 38. Qg5+  1-0